[Event "Wales-chT 1920"]
[Site "Wales"]
[Date "2020.01.26"]
[Round "3.8"]
[White "Guha, Chirag"]
[Black "Gilbert, Jonathan A"]
[Result "1-0"]
[WhiteElo "1766"]
[BlackElo "1994"]
[PlyCount "73"]
[EventDate "2019.10.20"]
[EventType "team-tourn"]
[EventRounds "7"]
[EventCountry "WLS"]
[SourceTitle "EXT 2022"]
[Source "ChessBase"]
[SourceDate "2021.10.06"]
[SourceVersion "1"]
[SourceVersionDate "2021.10.06"]
[SourceQuality "1"]
[WhiteTeam "Tiny Rex"]
[BlackTeam "The Full Ponty"]
[WhiteTeamCountry "WLS"]
[BlackTeamCountry "WLS"]

1. d4 d5 2. c4 c6 3. Nf3 Nf6 4. g3 g6 5. Bg2 Bg7 6. 0-0 0-0 7. Nc3 Na6 8. cxd5 cxd5 9. Ne5 Nc7 10. Qb3 e6 11. Rd1 Nd7 12. Bf4 Nxe5 13. Bxe5 Bxe5 14. dxe5 f5 15. e4 fxe4 16. Nxe4 Qe7 17. Nf6+ Kh8 18. Rac1 b6 19. Qc3 Na6 20. a3 Bb7 21. b4 Rac8 22. Qd4 Rxc1 23. Rxc1 Rc8 24. Rxc8+ Bxc8 25. Bf1 Nb8 26. Bd3 Nc6 27. Qf4 Qf7 28. b5 Nd8 29. h4 Bb7 30. h5 gxh5 31. Bxh7 Qf8 32. Qg5 Nf7 33. Qxh5 Nh6 34. g4 Ba8 35. g5 Qc8 36. Qxh6 Qc1+ 37. Kg2 1-0

[Event "South Wales Autumn op"]
[Site "Newport"]
[Date "2019.11.17"]
[Round "5"]
[White "Gilbert, Jonathan A"]
[Black "Fathallah, Joe"]
[Result "1/2-1/2"]
[WhiteElo "2008"]
[BlackElo "1904"]
[PlyCount "48"]
[EventDate "2019.11.15"]
[EventType "swiss"]
[EventRounds "5"]
[EventCountry "WLS"]
[SourceTitle "EXT 2022"]
[Source "ChessBase"]
[SourceDate "2021.10.06"]
[SourceVersion "1"]
[SourceVersionDate "2021.10.06"]
[SourceQuality "1"]

1. d4 f5 2. Nc3 d5 3. Bf4 Nf6 4. e3 e6 5. Bd3 Bd6 6. Nge2 c6 7. Bg5 0-0 8. Qd2 Qe8 9. Bxf6 Rxf6 10. f4 b6 11. 0-0-0 Ba6 12. h3 c5 13. Bxa6 Nxa6 14. g4 b5 15. dxc5 Bxc5 16. Ng3 Bb4 17. Qd4 Bxc3 18. Qxc3 Rc8 19. Qa5 Qc6 20. Rh2 Nc5 21. gxf5 exf5 22. Qc3 Qa6 23. Kb1 Ne4 24. Qe1 Nxg3 1/2-1/2

[Event "South Wales Autumn op"]
[Site "Newport"]
[Date "2019.11.17"]
[Round "4"]
[White "Thomas, Roy"]
[Black "Gilbert, Jonathan A"]
[Result "1/2-1/2"]
[WhiteElo "1696"]
[BlackElo "2008"]
[PlyCount "71"]
[EventDate "2019.11.15"]
[EventType "swiss"]
[EventRounds "5"]
[EventCountry "WLS"]
[SourceTitle "EXT 2022"]
[Source "ChessBase"]
[SourceDate "2021.10.06"]
[SourceVersion "1"]
[SourceVersionDate "2021.10.06"]
[SourceQuality "1"]

1. f4 g6 2. Nf3 Bg7 3. e3 c5 4. Be2 Nc6 5. d3 d6 6. 0-0 e6 7. c3 Nge7 8. Qe1 0-0 9. Na3 d5 10. e4 b6 11. Qh4 f5 12. e5 Rb8 13. Nb5 Bd7 14. Qg3 a6 15. Nd6 Nc8 16. Nxc8 Rxc8 17. Be3 Ne7 18. h4 h5 19. Ng5 Kh8 20. Kf2 Qe8 21. a4 Ng8 22. b3 Nh6 23. Kg1 Ng4 24. d4 a5 25. c4 Qe7 26. Rfd1 Bc6 27. Rac1 Rfd8 28. Bf2 Bh6 29. Qc3 Bxg5 30. hxg5 Nxf2 31. Kxf2 Bb7 32. cxd5 Bxd5 33. dxc5 Rxc5 34. Qe3 Rdc8 35. Bc4 Qc7 36. Rd4 1/2-1/2

[Event "South Wales Autumn op"]
[Site "Newport"]
[Date "2019.11.16"]
[Round "2"]
[White "Jukes, Sam"]
[Black "Gilbert, Jonathan A"]
[Result "1/2-1/2"]
[WhiteElo "1897"]
[BlackElo "2008"]
[PlyCount "36"]
[EventDate "2019.11.15"]
[EventType "swiss"]
[EventRounds "5"]
[EventCountry "WLS"]
[SourceTitle "EXT 2022"]
[Source "ChessBase"]
[SourceDate "2021.10.06"]
[SourceVersion "1"]
[SourceVersionDate "2021.10.06"]
[SourceQuality "1"]

1. e4 c6 2. d4 d5 3. Nc3 dxe4 4. Bc4 Nf6 5. f3 e3 6. Bxe3 Bf5 7. g4 Bg6 8. f4 e6 9. Qe2 Bb4 10. 0-0-0 0-0 11. g5 Nd5 12. Nxd5 cxd5 13. Bd3 Qa5 14. Kb1 Bxd3 15. Qxd3 Nd7 16. Nf3 Rac8 17. Bd2 Bxd2 18. Rxd2 Rc4 1/2-1/2

[Event "BCF-chT3S 1718 (4NCL) Demotion pool"]
[Site "England"]
[Date "2018.05.06"]
[Round "10.81"]
[White "Higgs, Anthony"]
[Black "Gilbert, Jonathan A"]
[Result "1/2-1/2"]
[WhiteElo "1951"]
[BlackElo "2041"]
[PlyCount "41"]
[EventDate "2017.11.11"]
[EventType "team-tourn"]
[EventRounds "11"]
[EventCountry "ENG"]
[SourceTitle "EXT 2020"]
[Source "ChessBase"]
[SourceDate "2019.10.17"]
[SourceVersion "1"]
[SourceVersionDate "2019.10.17"]
[SourceQuality "1"]
[WhiteTeam "Sussex Martlets II"]
[BlackTeam "The Full Ponty"]
[WhiteTeamCountry "ENG"]
[BlackTeamCountry "WLS"]

1. d4 Nf6 2. Bf4 d6 3. e3 g6 4. c4 Bg7 5. Nc3 0-0 6. Qb3 Nbd7 7. 0-0-0 a6 8. Be2 c5 9. h4 Qa5 10. h5 Qb4 11. hxg6 fxg6 12. Bf3 Qxb3 13. axb3 cxd4 14. exd4 Re8 15. Bg3 Ra7 16. Nge2 b6 17. Nd5 Bb7 18. Nec3 e5 19. dxe5 dxe5 20. Nxf6+ Nxf6 21. Bxb7 1/2-1/2

[Event "BCF-chT3S 1718 (4NCL) Demotion pool"]
[Site "England"]
[Date "2018.03.25"]
[Round "8.81"]
[White "Farkas, Daniel"]
[Black "Gilbert, Jonathan A"]
[Result "1/2-1/2"]
[WhiteElo "2089"]
[BlackElo "2041"]
[PlyCount "34"]
[EventDate "2017.11.11"]
[EventType "team-tourn"]
[EventRounds "11"]
[EventCountry "ENG"]
[SourceTitle "EXT 2020"]
[Source "ChessBase"]
[SourceDate "2019.10.17"]
[SourceVersion "1"]
[SourceVersionDate "2019.10.17"]
[SourceQuality "1"]
[WhiteTeam "Fermented Sharks"]
[BlackTeam "The Full Ponty"]
[WhiteTeamCountry "ENG"]
[BlackTeamCountry "WLS"]

1. d4 d5 2. Bf4 c5 3. e3 Nc6 4. c3 cxd4 5. exd4 g6 6. Bd3 Bg7 7. Nd2 Nh6 8. Ngf3 0-0 9. Qb3 f6 10. 0-0 Nf7 11. Bg3 e5 12. dxe5 fxe5 13. Be2 a6 14. Rfd1 Na5 15. Qa3 Bf5 16. Bh4 Qc7 17. Nf1 Nc4 1/2-1/2

[Event "BCF-chT4S 1617 (4NCL)"]
[Site "England"]
[Date "2017.04.30"]
[Round "10.31"]
[White "Lambourne, Daniel M"]
[Black "Gilbert, Jonathan A"]
[Result "1/2-1/2"]
[WhiteElo "1989"]
[BlackElo "2105"]
[PlyCount "76"]
[EventDate "2016.11.26"]
[EventType "team-swiss"]
[EventRounds "11"]
[EventCountry "ENG"]
[SourceTitle "EXT 2019"]
[Source "ChessBase"]
[SourceDate "2018.10.10"]
[SourceVersion "1"]
[SourceVersionDate "2018.10.10"]
[SourceQuality "1"]
[WhiteTeam "MK Phoenix II"]
[BlackTeam "The Full Ponty"]
[WhiteTeamCountry "ENG"]
[BlackTeamCountry "WLS"]

1. d4 Nf6 2. Nf3 c5 3. e3 cxd4 4. exd4 d5 5. Be2 Nc6 6. c3 Bf5 7. Bf4 e6 8. Ne5 Nd7 9. Nd3 Be7 10. Nd2 0-0 11. Nf3 Qb6 12. Qb3 Na5 13. Qxb6 Nxb6 14. 0-0 Nac4 15. b3 Nd6 16. Nc5 Ne4 17. Nxe4 Bxe4 18. Nd2 Bg6 19. c4 dxc4 20. Nxc4 Nd5 21. Bd6 Rad8 22. Bxe7 Nxe7 23. Bf3 b5 24. Na3 b4 25. Nc4 Rxd4 26. Ne5 Bf5 27. Rfc1 f6 28. Nc4 Rfd8 29. h3 R8d7 30. Ne3 Bd3 31. Rc5 Be4 32. Be2 Kf7 33. Bb5 Rb7 34. Ba6 Rb6 35. Bc4 Rb7 36. a3 bxa3 37. Rxa3 Bd3 38. Ra6 Bxc4 1/2-1/2

[Event "WLS-ch 60th"]
[Site "Cardiff"]
[Date "2014.04.20"]
[Round "5"]
[White "Ehsandar, Peter"]
[Black "Gilbert, Jonathan A"]
[Result "1-0"]
[WhiteElo "1959"]
[BlackElo "2070"]
[PlyCount "145"]
[EventDate "2014.04.18"]
[EventType "swiss"]
[EventRounds "7"]
[EventCountry "WLS"]
[SourceTitle "CBM 160 Extra"]
[Source "ChessBase"]
[SourceDate "2014.07.01"]
[SourceVersion "1"]
[SourceVersionDate "2014.07.01"]
[SourceQuality "1"]

1. e4 c6 2. d4 d5 3. e5 Bf5 4. Nf3 e6 5. Be2 c5 6. Be3 Nc6 7. Nc3 cxd4 8. Nxd4 Nxd4 9. Qxd4 Ne7 10. Qb4 Qd7 11. Bb5 Nc6 12. Qa4 a6 13. Ne2 Rc8 14. Bxc6 Qxc6 15. Qxc6+ bxc6 16. Rc1 Rb8 17. Nd4 Rxb2 18. Nxf5 exf5 19. 0-0 Ba3 20. c4 Rb8 21. Rb1 0-0 22. c5 h6 23. h3 Bb2 24. f4 d4 25. Bd2 Ba3 26. Rb6 Rxb6 27. cxb6 Rb8 28. Rb1 c5 29. Rb3 Bb4 30. Bxb4 c4 31. Ra3 Rxb6 32. Bc5 Rb1+ 33. Kf2 d3 34. Be3 Rb2+ 35. Kf3 Rc2 36. g4 fxg4+ 37. hxg4 Rh2 38. Rc3 d2 39. Bxd2 Rxd2 40. a4 Rd1 41. Rxc4 Rf1+ 42. Ke4 Rg1 43. Rc8+ Kh7 44. Rf8 Kg6 45. Kf3 Rf1+ 46. Ke3 Re1+ 47. Kd3 Rd1+ 48. Ke4 Re1+ 49. Kd5 Rd1+ 50. Kc5 Rd7 51. Ra8 Rc7+ 52. Kd5 Rd7+ 53. Ke4 h5 54. Rxa6+ Kh7 55. gxh5 Rb7 56. Ra8 g6 57. hxg6+ Kxg6 58. f5+ Kg7 59. f6+ Kh7 60. Rf8 Kg6 61. Rg8+ Kh7 62. Rg7+ Kh8 63. Kf5 Ra7 64. a5 Rb7 65. a6 Ra7 66. Kg5 Rc7 67. Kh6 Ra7 68. e6 Rxa6 69. Rxf7 Kg8 70. Rg7+ Kh8 71. Rb7 Ra8 72. Kg6 Re8 73. Rh7+ 1-0

[Event "WLS-ch 60th"]
[Site "Cardiff"]
[Date "2014.04.19"]
[Round "3"]
[White "Kelly, Paul J"]
[Black "Gilbert, Jonathan A"]
[Result "0-1"]
[WhiteElo "1906"]
[BlackElo "2070"]
[PlyCount "102"]
[EventDate "2014.04.18"]
[EventType "swiss"]
[EventRounds "7"]
[EventCountry "WLS"]
[SourceTitle "CBM 160 Extra"]
[Source "ChessBase"]
[SourceDate "2014.07.01"]
[SourceVersion "1"]
[SourceVersionDate "2014.07.01"]
[SourceQuality "1"]

1. e4 c5 2. a3 g6 3. b4 Bg7 4. Nc3 b6 5. Rb1 cxb4 6. axb4 Bb7 7. Nge2 Nf6 8. d3 0-0 9. g3 d5 10. e5 d4 11. exf6 exf6 12. Ne4 f5 13. Bg2 fxe4 14. Bxe4 Qe7 15. Bxb7 Qxb7 16. 0-0 Nc6 17. f4 Rfe8 18. Kf2 Rad8 19. Bd2 Ne7 20. Ng1 Nd5 21. Re1 Ne3 22. Bxe3 dxe3+ 23. Kf1 Qc6 24. b5 Qd5 25. Rb3 g5 26. fxg5 Re5 27. g4 Rde8 28. Qe2 Rxg5 29. c4 Qe6 30. h3 Rg6 31. Nf3 h5 32. g5 Qxh3+ 33. Qg2 Qf5 34. Ke2 Rge6 35. Rh1 Rc8 36. Nh4 Qf4 37. Rbb1 Rxc4 38. dxc4 Qxc4+ 39. Kf3 Qe4+ 40. Ke2 Qc2+ 41. Kf3 Qe4+ 42. Ke2 Qc4+ 43. Kf3 e2 44. Kg3 Qg4+ 45. Kf2 Bd4+ 46. Ke1 Bc3+ 47. Kf2 e1Q+ 48. Rbxe1 Bxe1+ 49. Kf1 Qc4+ 50. Kg1 Qd4+ 51. Kf1 Bxh4 0-1

[Event "WLS-ch 60th"]
[Site "Cardiff"]
[Date "2014.04.18"]
[Round "2"]
[White "Gilbert, Jonathan A"]
[Black "Turner, Joseph David"]
[Result "0-1"]
[WhiteElo "2070"]
[BlackElo "2011"]
[PlyCount "92"]
[EventDate "2014.04.18"]
[EventType "swiss"]
[EventRounds "7"]
[EventCountry "WLS"]
[SourceTitle "CBM 160 Extra"]
[Source "ChessBase"]
[SourceDate "2014.07.01"]
[SourceVersion "1"]
[SourceVersionDate "2014.07.01"]
[SourceQuality "1"]

1. d4 Nf6 2. c4 c5 3. d5 e6 4. Nc3 exd5 5. cxd5 d6 6. e4 g6 7. Bd3 Bg7 8. Nge2 a6 9. a4 Nbd7 10. f4 b6 11. 0-0 0-0 12. Ng3 h5 13. e5 dxe5 14. f5 Ng4 15. Nce4 Ndf6 16. Bg5 Qxd5 17. h3 Qd4+ 18. Kh1 Bxf5 19. Bxf6 Bxe4 20. Nxe4 Ne3 21. Qf3 Nxf1 22. Qxf1 c4 23. Bxg7 Kxg7 24. Qf6+ Kg8 25. Rd1 cxd3 26. Ng5 Qf4 27. Qxf4 exf4 28. Rxd3 Rad8 29. Rb3 Rd6 30. Ne4 Rc6 31. Nc3 Re8 32. Kg1 Re3 33. Rb4 f3 34. gxf3 Rxf3 35. Kg2 Rd3 36. h4 f6 37. Kf2 Kf7 38. Ke2 Rg3 39. Rd4 Rcxc3 40. bxc3 Rxc3 41. Rb4 b5 42. axb5 axb5 43. Rxb5 Rc4 44. Kf3 Rxh4 45. Rb7+ Kf8 46. Kg3 Re4 0-1

[Event "BCF-chT3 1314 (4NCL)"]
[Site "England"]
[Date "2014.03.23"]
[Round "8.166"]
[White "Armstrong, Malcolm J"]
[Black "Gilbert, Jonathan A"]
[Result "1/2-1/2"]
[WhiteElo "2114"]
[BlackElo "2063"]
[PlyCount "32"]
[EventDate "2013.11.16"]
[EventType "team-swiss"]
[EventRounds "11"]
[EventCountry "ENG"]
[SourceTitle "EXT 2015"]
[Source "ChessBase"]
[SourceDate "2014.11.20"]
[SourceVersion "1"]
[SourceVersionDate "2014.11.20"]
[SourceQuality "1"]
[WhiteTeam "Cheddleton II"]
[BlackTeam "The Full Ponty"]
[WhiteTeamCountry "ENG"]
[BlackTeamCountry "ENG"]

1. d4 Nf6 2. Nf3 g6 3. Nc3 d5 4. Bf4 Bg7 5. Qd2 Ne4 6. Nxe4 dxe4 7. Ne5 Be6 8. Qb4 f6 9. Nc4 0-0 10. e3 Bd5 11. Be2 Nc6 12. Qc3 a5 13. a4 Qd7 14. h3 b6 15. 0-0 g5 16. Bh2 f5 1/2-1/2

[Event "BCF-chT3S 1213 (4NCL)"]
[Site "England"]
[Date "2013.01.13"]
[Round "4.165"]
[White "Duvall, Ian"]
[Black "Gilbert, Jonathan A"]
[Result "0-1"]
[WhiteElo "2036"]
[BlackElo "2085"]
[PlyCount "52"]
[EventDate "2012.11.03"]
[EventType "team-swiss"]
[EventRounds "6"]
[EventCountry "ENG"]
[SourceTitle "EXT 2014"]
[Source "ChessBase"]
[SourceDate "2013.11.20"]
[SourceVersion "1"]
[SourceVersionDate "2013.11.20"]
[SourceQuality "1"]
[WhiteTeam "BCM Hippos III"]
[BlackTeam "The Full Ponty"]
[WhiteTeamCountry "ENG"]
[BlackTeamCountry "ENG"]

1. d4 Nf6 2. c4 c5 3. d5 b5 4. cxb5 a6 5. b6 Qxb6 6. Nc3 d6 7. e4 g6 8. Be2 Bg7 9. Nf3 Bg4 10. Nd2 Bxe2 11. Qxe2 Nbd7 12. a4 0-0 13. a5 Qb7 14. 0-0 Ne8 15. Kh1 Nc7 16. f4 Nb5 17. Nxb5 Qxb5 18. Qf3 c4 19. Qe2 c3 20. Qxb5 axb5 21. bxc3 Bxc3 22. Rb1 Rxa5 23. Nf3 Nf6 24. Nd2 b4 25. Re1 Ra2 26. Re2 Rc8 0-1

[Event "BCF-chT3 0910 (4NCL)"]
[Site "England"]
[Date "2010.05.01"]
[Round "9.1"]
[White "Burt, William"]
[Black "Gilbert, Jonathan A"]
[Result "0-1"]
[WhiteElo "2162"]
[BlackElo "2058"]
[PlyCount "80"]
[EventDate "2009.10.24"]
[EventType "team-tourn"]
[EventRounds "11"]
[EventCountry "ENG"]
[SourceTitle "EXT 2011"]
[Source "ChessBase"]
[SourceDate "2010.11.26"]
[SourceVersion "1"]
[SourceVersionDate "2010.11.26"]
[SourceQuality "1"]
[WhiteTeam "Oxford II"]
[BlackTeam "The Full Ponty"]
[WhiteTeamCountry "ENG"]
[BlackTeamCountry "ENG"]

1. e4 c6 2. d4 d5 3. Nc3 dxe4 4. Nxe4 Nd7 5. Bd3 Ngf6 6. Ng5 e6 7. Qe2 Bd6 8. N1h3 Qe7 9. 0-0 h6 10. Nf3 a6 11. a4 c5 12. Re1 b6 13. Ne5 Bb7 14. Nf4 Bxe5 15. dxe5 Nd5 16. Qg4 Nxf4 17. Bxf4 g6 18. Rad1 Rd8 19. Bc4 Nb8 20. Rd6 g5 21. Qh5 Bc8 22. Red1 Rxd6 23. exd6 Qf6 24. Bd2 Qxb2 25. Qf3 Qxc2 26. Be2 Nd7 27. Bxa6 0-0 28. Bb5 Ne5 29. Qe2 Bd7 30. Bxd7 Nxd7 31. h4 Ra8 32. hxg5 hxg5 33. Qf3 Rxa4 34. Bxg5 Qe4 35. Qc3 Qg4 36. Qc2 Rc4 37. Qb1 Qxg5 38. Qb5 Rc1 39. Rxc1 Qxc1+ 40. Kh2 Qf4+ 0-1

[Event "BCF-chT3 0910 (4NCL)"]
[Site "England"]
[Date "2009.10.24"]
[Round "1.1"]
[White "Reid, John1111"]
[Black "Gilbert, Jonathan A"]
[Result "0-1"]
[WhiteElo "2266"]
[BlackElo "2058"]
[PlyCount "90"]
[EventDate "2009.10.24"]
[EventType "team-tourn"]
[EventRounds "11"]
[EventCountry "ENG"]
[SourceTitle "EXT 2011"]
[Source "ChessBase"]
[SourceDate "2010.11.26"]
[SourceVersion "1"]
[SourceVersionDate "2010.11.26"]
[SourceQuality "1"]
[WhiteTeam "Hackney"]
[BlackTeam "The Full Ponty"]
[WhiteTeamCountry "ENG"]
[BlackTeamCountry "ENG"]

1. d4 Nf6 2. c4 c5 3. d5 b5 4. cxb5 a6 5. bxa6 g6 6. Nc3 Bxa6 7. Nf3 d6 8. g3 Bg7 9. Bg2 Nbd7 10. Rb1 0-0 11. 0-0 Qb6 12. Qc2 Qb7 13. Rd1 Bc4 14. b3 Bxd5 15. Nxd5 Nxd5 16. Nd2 e6 17. Nc4 Ra6 18. a3 Rb8 19. Rd3 Ne5 20. Nxe5 Bxe5 21. Qc4 Rb6 22. Kh1 Bg7 23. Bf3 Be5 24. Kg2 Bg7 25. Bxd5 exd5 26. Rxd5 Re8 27. e4 Bd4 28. f3 Re6 29. b4 Qa7 30. Rb3 Qa4 31. Bh6 Bg7 32. Be3 Rc6 33. Rd2 h5 34. Rc2 cxb4 35. Qxc6 Qxb3 36. Re2 bxa3 37. Bf4 Bb2 38. Re3 Qd1 39. Qa8+ Kg7 40. Rxa3 Qe2+ 41. Kh3 Qf1+ 42. Kh4 Bf6+ 43. Bg5 Bxg5+ 44. Kxg5 Re5+ 45. Kh4 g5+ 0-1

[Event "BCF-chT4 0708 (4NCL)"]
[Site "England"]
[Date "2008.03.15"]
[Round "7.1"]
[White "Gilbert, Jonathan A"]
[Black "Norman, Kenneth I"]
[Result "1-0"]
[WhiteElo "2062"]
[BlackElo "2154"]
[PlyCount "45"]
[EventDate "2007.09.15"]
[EventType "team-swiss"]
[EventRounds "11"]
[EventCountry "ENG"]
[SourceTitle "EXT 2009"]
[Source "ChessBase"]
[SourceDate "2008.11.26"]
[SourceVersion "1"]
[SourceVersionDate "2008.11.26"]
[SourceQuality "1"]
[WhiteTeam "Pontypridd"]
[BlackTeam "AMCA Dragons"]
[WhiteTeamCountry "ENG"]
[BlackTeamCountry "ENG"]

1. d4 Nf6 2. Nf3 g6 3. Nc3 d5 4. Bf4 Bg7 5. e3 Bg4 6. h3 Bxf3 7. Qxf3 c6 8. 0-0-0 Nbd7 9. g4 b5 10. Bd3 b4 11. Ne2 Qa5 12. Kb1 0-0 13. h4 Rfc8 14. h5 c5 15. hxg6 hxg6 16. Qh3 Nf8 17. Bh6 Bxh6 18. Qxh6 N6h7 19. Nf4 c4 20. Nh5 gxh5 21. Bxh7+ Nxh7 22. Rxh5 e6 23. Rdh1 1-0

[Event "WLS-chT 0708"]
[Site "Wales"]
[Date "2008.03.12"]
[Round "6"]
[White "Gilbert, Jonathan A"]
[Black "Holland, Ray J"]
[Result "1/2-1/2"]
[WhiteElo "2049"]
[BlackElo "1704"]
[PlyCount "60"]
[EventDate "2007.10.07"]
[EventType "team-swiss"]
[EventRounds "7"]
[EventCountry "WLS"]
[SourceTitle "EXT 2010"]
[Source "ChessBase"]
[SourceDate "2010.11.25"]
[SourceVersion "1"]
[SourceVersionDate "2010.11.25"]
[SourceQuality "1"]

1. d4 Nf6 2. c4 g6 3. Nc3 Bg7 4. e4 d6 5. Be2 0-0 6. Bg5 Nbd7 7. Qd2 c6 8. h4 e5 9. d5 Qa5 10. f3 cxd5 11. cxd5 a6 12. Bh6 Nc5 13. Bxg7 Kxg7 14. Rb1 Qb4 15. h5 Bd7 16. a3 Qd4 17. hxg6 Qxd2+ 18. Kxd2 Nb3+ 19. Ke3 hxg6 20. Bd3 Nd4 21. Nge2 Nxe2 22. Nxe2 Rac8 23. Rbc1 Rxc1 24. Rxc1 Rc8 25. Rxc8 Bxc8 26. Nc3 Bd7 27. b4 Kf8 28. a4 Ke7 29. g3 g5 30. Be2 Ne8 1/2-1/2

[Event "WLS-chT 0708"]
[Site "Wales"]
[Date "2008.01.27"]
[Round "5"]
[White "Gilbert, Jonathan A"]
[Black "Roberts, David Llewelyn"]
[Result "1/2-1/2"]
[WhiteElo "2049"]
[BlackElo "1897"]
[PlyCount "60"]
[EventDate "2007.10.07"]
[EventType "team-swiss"]
[EventRounds "7"]
[EventCountry "WLS"]
[SourceTitle "EXT 2010"]
[Source "ChessBase"]
[SourceDate "2010.11.25"]
[SourceVersion "1"]
[SourceVersionDate "2010.11.25"]
[SourceQuality "1"]

1. d4 d5 2. c4 dxc4 3. Nf3 Nf6 4. e3 Bg4 5. Bxc4 e6 6. Nc3 Nbd7 7. 0-0 Bd6 8. Be2 0-0 9. e4 e5 10. Bg5 h6 11. Bh4 Bxf3 12. Bxf3 exd4 13. Qxd4 Ne5 14. Rad1 Nxf3+ 15. gxf3 Qe7 16. Nd5 Qe5 17. Nxf6+ gxf6 18. Bg3 Qg5 19. Qe3 Bxg3 20. hxg3 Rfd8 21. Kg2 b6 22. f4 Qg6 23. Rd3 f5 24. f3 Qf6 25. e5 Qe6 26. b3 Rd5 27. Rfd1 Rad8 28. Rxd5 Rxd5 29. Rxd5 Qxd5 30. Qc3 Qd1 1/2-1/2

[Event "WLS-chT 0708"]
[Site "Wales"]
[Date "2007.10.15"]
[Round "2"]
[White "Gilbert, Jonathan A"]
[Black "Saunders, Robert"]
[Result "1/2-1/2"]
[WhiteElo "2049"]
[BlackElo "2079"]
[PlyCount "34"]
[EventDate "2007.10.07"]
[EventType "team-swiss"]
[EventRounds "7"]
[EventCountry "WLS"]
[SourceTitle "EXT 2010"]
[Source "ChessBase"]
[SourceDate "2010.11.25"]
[SourceVersion "1"]
[SourceVersionDate "2010.11.25"]
[SourceQuality "1"]

1. e4 e5 2. f4 Bc5 3. Nf3 d6 4. Nc3 Nf6 5. Bc4 Nc6 6. d3 a6 7. Rf1 Be6 8. Bxe6 fxe6 9. fxe5 dxe5 10. Bg5 0-0 11. Qd2 Qd6 12. Nd1 Nh5 13. Ne3 Bxe3 14. Bxe3 Nd4 15. 0-0-0 Nxf3 16. gxf3 Rf7 17. Qc3 Nf4 1/2-1/2

[Event "South Wales op 4th"]
[Site "Caerleon"]
[Date "2007.07.08"]
[Round "2"]
[White "Gilbert, Jonathan A"]
[Black "Cobb, James"]
[Result "0-1"]
[WhiteElo "2059"]
[BlackElo "2422"]
[PlyCount "120"]
[EventDate "2007.07.07"]
[EventType "swiss"]
[EventRounds "9"]
[EventCountry "WLS"]
[SourceTitle "CBM 119 Extra"]
[Source "ChessBase"]
[SourceDate "2007.09.04"]
[SourceVersion "1"]
[SourceVersionDate "2007.09.04"]
[SourceQuality "1"]

1. d4 Nf6 2. c4 e6 3. Nc3 Bb4 4. e3 b6 5. Nge2 c5 6. a3 Ba5 7. Bd2 0-0 8. Ng3 d5 9. cxd5 cxd4 10. exd4 Bxc3 11. bxc3 Qxd5 12. Be2 Bb7 13. Bf3 Qd7 14. 0-0 Bxf3 15. Qxf3 Nc6 16. Rfe1 Rac8 17. Ne4 Nxe4 18. Rxe4 Ne7 19. Rae1 Nd5 20. Qg3 Rfe8 21. Rh4 f5 22. Rh3 Qe7 23. Qe5 Qc7 24. Rg3 Qxe5 25. Rxe5 Nf6 26. Rd3 Kf7 27. Rb5 Rc4 28. f3 Rec8 29. Kf2 Nd5 30. Rb3 Ke7 31. Ke1 Kd7 32. Kd1 a6 33. f4 b5 34. Rh3 h6 35. Rg3 Rg8 36. Kc2 Nf6 37. Rb4 Ne4 38. Rg6 Nd6 39. Rxc4 Nxc4 40. Bc1 Nb6 41. Kd3 Nd5 42. Bd2 Ke7 43. h3 Kf7 44. Rg3 Rc8 45. Rf3 Rc4 46. Rf1 Ra4 47. Bc1 Rc4 48. Bd2 Kf6 49. Re1 g5 50. fxg5+ hxg5 51. Rf1 Rc8 52. a4 bxa4 53. c4 Nb6 54. c5 Nd5 55. Ra1 Rb8 56. Rxa4 Rb3+ 57. Ke2 Rb2 58. Ke1 Nc7 59. Ke2 f4 60. Rb4 Ra2 0-1

[Event "WLS-chT 0607"]
[Site "Wales"]
[Date "2007.02.15"]
[Round "4"]
[White "Gilbert, Jonathan A"]
[Black "Saunders, Robert"]
[Result "1-0"]
[WhiteElo "2073"]
[BlackElo "2049"]
[PlyCount "61"]
[EventDate "2006.09.26"]
[EventType "team-tourn"]
[EventRounds "7"]
[EventCountry "WLS"]
[SourceTitle "EXT 2010"]
[Source "ChessBase"]
[SourceDate "2010.11.25"]
[SourceVersion "1"]
[SourceVersionDate "2010.11.25"]
[SourceQuality "1"]

1. d4 Nf6 2. c4 c5 3. d5 b5 4. cxb5 a6 5. bxa6 Bxa6 6. Nc3 g6 7. f4 Bg7 8. Nf3 Qa5 9. Bd2 0-0 10. e4 d6 11. Bxa6 Qxa6 12. Qe2 Nfd7 13. Qxa6 Nxa6 14. 0-0 Rfb8 15. Rab1 Nb4 16. a4 Nb6 17. b3 f5 18. e5 N6xd5 19. Nb5 Nd3 20. exd6 exd6 21. Nxd6 N5xf4 22. Bxf4 Nxf4 23. Rfe1 Rb6 24. Nb5 Re6 25. g3 Rxe1+ 26. Rxe1 Nd3 27. Rd1 c4 28. bxc4 Nb2 29. Rd7 Nxc4 30. Nc7 h6 31. Nxa8 1-0